Caring : (Record no. 64204)

MARC details
000 -LEADER
fixed length control field 00549nam a22001577a 4500
005 - DATE AND TIME OF LATEST TRANSACTION
control field 20120321114934.0
020 ## - INTERNATIONAL STANDARD BOOK NUMBER
International Standard Book Number 817108396X
Terms of availability 55.00
035 ## - SYSTEM CONTROL NUMBER
System control number B-29687
037 ## - SOURCE OF ACQUISITION
Stock number DPL
Source of stock number/acquisition ENG
100 ## - MAIN ENTRY--PERSONAL NAME
Personal name Heidish, Marcy
245 ## - TITLE STATEMENT
Title Caring :
Remainder of title Simple ways you can reach out /
Statement of responsibility, etc by Marcy Heidish
260 ## - PUBLICATION, DISTRIBUTION, ETC. (IMPRINT)
Place of publication, distribution, etc Mumbai
Name of publisher, distributor, etc Better Yourself Books
Date of publication, distribution, etc 2000
300 ## - PHYSICAL DESCRIPTION
Extent 167p.
Dimensions 18 cms.
942 ## - ADDED ENTRY ELEMENTS (KOHA)
Source of classification or shelving scheme Dewey Decimal Classification
Item type English Books
Classification part 158.25
Call number suffix HEI
Holdings
Withdrawn status Lost status Not for loan Collection code Home library Current library Date acquired Cost, normal purchase price Full call number Barcode Cost, replacement price Koha item type
      Non-fiction Sarojini Nagar Sarojini Nagar 21/03/2012 55.00 158.25 HEI B-29687 55.00 English Books

© Delhi Public Library
Hit Counter
free hit counter